Gaming Quiz

Random Gaming Quiz

GD Top 50 Demons Quiz Stats

Quiz not verified by Sporcle

Challenge
Share
Tweet
Embed
Score 0/50 Timer 10:00
1 Play Today
Verifier Level % Correct
SunixSonic Wave
93.8%
TrusTaYatagarasu
89.7%
BoldStepErebus
88%
RiotBloodbath
86.8%
Krazyman50Black Blizzard
72.7%
TrusTaSakupen Hell
66.9%
Krazyman50Phobos
66.1%
CombinedArtificial Ascent
65.3%
RiotCataclysm
64.5%
Roadbose (Hacked)Ice Carbon Diablo X
62.8%
ToshDeluxeDevil Vortex
62.4%
AcharneBausha Vortex
60.7%
RicoLPBlade of Justice
60.7%
NoctaFlyZaphkiel
59.1%
CombinedSubsonic
59.1%
Krazyman50Conical Depression
59.1%
Andromeda (Hacked)The Ultimate Phase
58.7%
RiotRed World Rebirth
58.3%
SrGuillesterHatred
57.9%
PowerbombThe Hell Factory
56.6%
StormflyThe Hell World
56.2%
Krazyman50Heartbeat
50.8%
StormflyThe Hell Zone
50%
Weoweoteo (Possibly Hacked)Betrayal of Fate
50%
TheRealSneaky (Hacked)Down Bass
50%
Verifier Level % Correct
SatchoAftermath
49.6%
GoodSmileA Bizarre Phantasm
47.5%
EndLevelMystic
46.3%
StormflyThe Hell Dignity
45%
AurorusAthanatos
44.6%
SurvBreakout
44.6%
WOOGI1411Retention
44.6%
YGYoshIInfernal Abyss
43.4%
TheKrisAurora
43%
KnobbelboyArtificial Ideology
43%
SmokesPlasma Pulse III
42.6%
SoulsTRKAcropoliX
42.1%
Krazyman50Elite Z Rebirth
41.3%
GoodSmileAudio Extraction
40.5%
TrusTaThe Flawless
37.6%
EndLevelAllegiance
36.4%
SrGuillesterCarnage Mode
35.5%
KoreaqwerNiflheim
33.5%
Berke423Deception Dive
33.1%
GryllexNovalis
30.2%
Snowr33deSubversive
27.3%
NinetalesUprise
27.3%
DrakeGhastTemple of Destiny
27.3%
BoldStepTwisted Tranquility
26.4%
QuantumPhotovoltaic
18.6%

You're not logged in!

Compare scores with friends on all Sporcle quizzes.
Sign Up with Email
OR
Log In

You Might Also Like...

Show Comments

Extras

Top Quizzes Today


Score Distribution

Your Account Isn't Verified!

In order to create a playlist on Sporcle, you need to verify the email address you used during registration. Go to your Sporcle Settings to finish the process.